| 000 | 01299nam1a2200409 i 4500 | ||
|---|---|---|---|
| 001 | RU\NLR\bibl\1513408 | ||
| 005 | 20260405201127.0 | ||
| 035 | _a(NLR Aleph) 001504794 | ||
| 090 |
_a42914 _c42914 |
||
| 100 | _a20100519g20099999u y0rusy50 ca | ||
| 101 | 1 |
_arus _cund |
|
| 102 | _aRU | ||
| 105 | _a||||t ||||| | ||
| 200 | 1 |
_aКлеймор _dClaymore _e[манга в оригинальном формате] _fНорихиро Яги [текст и рис. _gпер.: Анна Синицкая] _zeng |
|
| 210 |
_aМосква _cЭксмо _aСанкт-Петербург _cComixART _d2009 |
||
| 215 | _d19 | ||
| 463 | 0 | _10011482891 | |
| 463 | 0 | _10011494831 | |
| 463 | 0 | _10011676863 | |
| 463 | 0 | _10011680725 | |
| 463 | 0 | _10011705039 | |
| 463 | 0 | _10011721532 | |
| 463 | 0 | _10011739864 | |
| 463 | 0 | _10011777712 | |
| 463 | 0 | _10011858027 | |
| 463 | 0 | _10011881274 | |
| 463 | 0 | _10011951223 | |
| 463 | 0 | _10011961366 | |
| 510 | 0 |
_aClaymore _zeng |
|
| 702 | 1 |
_4570 _8rus _7ca _aЯги _bН. _f1968- _gНорихиро _3RU\NLR\auth\7788700 _971628 |
|
| 702 | 1 |
_4040 _8rus _7ca _aЯги _bН. _f1968- _gНорихиро _3RU\NLR\auth\7788700 _971628 |
|
| 801 | 0 |
_aRU _bNLR _c20100519 _gRCR |
|
| 801 | 1 |
_aRU _bNLR _c20100519 |
|
| 852 |
_aNLR _j2010-3/6599 |
||
| 942 | _cBOOK | ||